Statistiche per Nazionali che hanno partecipato agli Europei

Clicka qui per fare il quiz!

Statistiche generali

  • Questo quiz è stato fatto 46 volte
  • Il punteggio medio è 30 su 35

Statistiche sulle risposte

Numero di edizioniEdizioni in cui ha partecipatoNazionale% Corretto
101960 - 1984 - 1992 - 1996 - 2000 - 2004 - 2008 - 2012 - 2016 - 2020Francia
100%
131972 - 1976 - 1980 - 1984 - 1988 - 1992 - 1996 - 2000 - 2004 - 2008 - 2012 - 2016 - 2020Germania / Germania Ovest
100%
32008 - 2016 - 2020Austria
97%
101968 - 1980 - 1988 - 1996 - 2000 - 2004 - 2008 - 2012 - 2016 - 2020Italia
97%
111964 - 1980 - 1984 - 1988 - 1996 - 2000 - 2004 - 2008 - 2012 - 2016 - 2020Spagna
97%
101976 - 1980 - 1988 - 1992 - 1996 - 2000 - 2004 - 2008 - 2012 - 2020Paesi Bassi
95%
81984 - 1996 - 2000 - 2004 - 2008 - 2012 - 2016 - 2020Portogallo
95%
51996 - 2004 - 2008 - 2016 - 2020Svizzera
95%
41980 - 2004 - 2008 - 2012Grecia
92%
31988 - 2012 - 2016Irlanda
92%
121960 - 1964 - 1968 - 1972 - 1988 - 1992 - 1996 - 2004 - 2008 - 2012 - 2016 - 2020Russia / Comunità degli Stati Indipendenti / Unione Sovietica
92%
71992 - 2000 - 2004 - 2008 - 2012 - 2016 - 2020Svezia
92%
91964 - 1984 - 1988 - 1992 - 1996 - 2000 - 2004 - 2012 - 2020Danimarca
89%
12020Finlandia
89%
12000Slovenia
89%
61972 - 1980 - 1984 - 2000 - 2016 - 2020Belgio
87%
61996 - 2004 - 2008 - 2012 - 2016 - 2020Croazia
87%
101968 - 1980 - 1988 - 1992 - 1996 - 2000 - 2004 - 2012 - 2016 - 2020Inghilterra
87%
12000Norvegia
87%
51984 - 1996 - 2000 - 2008 - 2016Romania
87%
51960 - 1968 - 1976 - 1984 - 2000Serbia / Serbia e Montenegro / Jugoslavia
87%
32012 - 2016 - 2020Ucraina
87%
22016 - 2020Galles
84%
12016Islanda
84%
42008 - 2012 - 2016 - 2020Polonia
84%
22016 - 2020Slovacchia
84%
41964 - 1972 - 2016 - 2020Ungheria
84%
12016Albania
82%
21996 - 2004Bulgaria
79%
101960 - 1976 - 1980 - 1996 - 2000 - 2004 - 2008 - 2012 - 2016 - 2020Repubblica Ceca / Cecoslovacchia
79%
12004Lettonia
76%
12020Macedonia del Nord
76%
51996 - 2000 - 2008 - 2016 - 2020Turchia
76%
31992 - 1996 - 2020Scozia
71%
12016Irlanda del Nord
45%

Distribuzione punteggi

Percentile per numero di risposta

Percentuale di utenti per punteggio

I tuoi punteggi nel tempo

Non hai fatto questo quiz